000 00745nam a2200241 i 4500
001 C2-0253674
003 PPAK
005 20180727221016.0
008 040404s1996 my a|||| ||||| | may d
040 _aPPAK
_beng
_cPPAK
_erda
082 0 4 _a959.5112
_223
090 0 0 _a959.5112
_bKON
_dKHR
090 0 0 _a959.5112
_bKON
_dKK
245 0 0 _aKonvensyen sejarah negeri Kedah Darul Aman
264 1 _aAlor Setar, Kedah :
_bPerbadanan Perpustakaan Awam Kedah ,
_c1996
300 _a[Pelbagai pages] :
_bcolour illustrations ;
_c31 cm
336 _2rdacontent
_atext
337 _2rdamedia
_aunmediated
338 _2rdacarrier
_avolume
500 _aKertas kerja
650 1 0 _aKedah - History. ; Kedah - Politics and government.
942 _ddc
_cB
999 _c66486
_d66486